Ứng phó với biến đổi khí hậu trong nông nghiệp Việt Nam

Sách gồm 8 chương trình bày một số vấn đề chung về biến đổi khí hậu và nông nghiệp, tác động của biến đổi khí hậu đối với trồng trọt và chăn nuôi, đến lâm nghiệp và đa dạng sinh học,......

Fuld beskrivelse

Đã lưu trong:
Bibliografiske detaljer
Hovedforfatter: Nguyễn, Văn Viết
Format: Bog
Sprog:Undetermined
Udgivet: Hà Nội Nông nghiệp 2018
Fag:
Tags: Tilføj Tag
Ingen Tags, Vær først til at tagge denne postø!
Thư viện lưu trữ: Trung tâm Học liệu Trường Đại học Cần Thơ
LEADER 00917nam a2200193Ia 4500
001 CTU_228399
008 210402s9999 xx 000 0 und d
082 |a 630.9597 
082 |b V308 
100 |a Nguyễn, Văn Viết 
245 0 |a Ứng phó với biến đổi khí hậu trong nông nghiệp Việt Nam 
245 0 |c Nguyễn Văn Viết 
260 |a Hà Nội 
260 |b Nông nghiệp 
260 |c 2018 
520 |a Sách gồm 8 chương trình bày một số vấn đề chung về biến đổi khí hậu và nông nghiệp, tác động của biến đổi khí hậu đối với trồng trọt và chăn nuôi, đến lâm nghiệp và đa dạng sinh học,... 
650 |a Biến đổi khí hậu,Climatic changes 
910 |b nthai 
980 |a Trung tâm Học liệu Trường Đại học Cần Thơ